Language and understanding
Gardado en:
| Formato: | Libro |
|---|---|
| Idioma: | Undetermined |
| Publicado: |
New York
Oxford University Press
1994
|
| Những chủ đề: | |
| Các nhãn: |
Engadir etiqueta
Sen Etiquetas, Sexa o primeiro en etiquetar este rexistro!
|
| Thư viện lưu trữ: | Trung tâm Học liệu Trường Đại học Cần Thơ |
|---|
| LEADER | 00567nam a2200193Ia 4500 | ||
|---|---|---|---|
| 001 | CTU_123572 | ||
| 008 | 210402s9999 xx 000 0 und d | ||
| 020 | |c 212000 | ||
| 082 | |a 410.7 | ||
| 082 | |b L287 | ||
| 245 | 0 | |a Language and understanding | |
| 245 | 0 | |c Gillian Brown ... [et al.] Edited by | |
| 260 | |a New York | ||
| 260 | |b Oxford University Press | ||
| 260 | |c 1994 | ||
| 650 | |a Interaction analysis in education,Language and languages | ||
| 650 | |x Study and teaching | ||
| 904 | |i Tuyến | ||
| 980 | |a Trung tâm Học liệu Trường Đại học Cần Thơ | ||